| 000 | 00783nam a22002415a 4500 | ||
|---|---|---|---|
| 005 | 20161109141611.0 | ||
| 008 | 161023t2014 njua frb 001 0 eng d | ||
| 020 | _a9781118278376 | ||
| 040 |
_aEG-ScBUE _beng _cEG-ScBUE _dEG-ScBUE |
||
| 082 | 0 | 4 |
_222 _a332.64524 _bWIL |
| 100 | 1 | _aWilson, Richard C. | |
| 245 | 1 | 0 |
_aVisual guide to hedge funds / _cRichard C. Wilson. |
| 260 |
_aHoboken : _bJohn Wiley & Sons, _a[New York] : _bBloomberg Press, _cc.2014. |
||
| 300 |
_ax, 214 p. : _bill. ; _c20 cm. |
||
| 490 | 0 | _aFinancial series. | |
| 500 | _aIndex : p. 209-214. | ||
| 504 | _aBibliography : p. 205-206. | ||
| 590 | _aSuzan Ashmawy and revised by Rahma Essa. | ||
| 650 | 7 |
_2BUEsh _aHedge funds. |
|
| 651 | _2BUEsh | ||
| 653 |
_bBUSECO _cOctober2016 _cNovember2016 |
||
| 942 | _2ddc | ||
| 999 |
_c22788 _d22760 |
||